<?xml version="1.0" encoding="UTF-8"?>
<record
    xmlns:xsi="http://www.w3.org/2001/XMLSchema-instance"
    xsi:schemaLocation="http://www.loc.gov/MARC21/slim http://www.loc.gov/standards/marcxml/schema/MARC21slim.xsd"
    xmlns="http://www.loc.gov/MARC21/slim">

  <leader>01423nam0a2200337   4500</leader>
  <controlfield tag="001">RU\NLR\bibl\516570</controlfield>
  <controlfield tag="005">20250609143914.0</controlfield>
  <datafield tag="035" ind1=" " ind2=" ">
    <subfield code="a">(NLR Aleph) 000509003</subfield>
  </datafield>
  <datafield tag="090" ind1=" " ind2=" ">
    <subfield code="a">1221222</subfield>
    <subfield code="c">1221222</subfield>
  </datafield>
  <datafield tag="100" ind1=" " ind2=" ">
    <subfield code="a">20040430d2004    |||y0rusy50      ca</subfield>
  </datafield>
  <datafield tag="101" ind1="0" ind2=" ">
    <subfield code="a">rus</subfield>
  </datafield>
  <datafield tag="102" ind1=" " ind2=" ">
    <subfield code="a">RU</subfield>
  </datafield>
  <datafield tag="105" ind1=" " ind2=" ">
    <subfield code="a">y   |||||||||</subfield>
  </datafield>
  <datafield tag="200" ind1="1" ind2=" ">
    <subfield code="a">&#x422;&#x435;&#x440;&#x438;&#x439;&#x43E;&#x43A;&#x438;-&#x417;&#x435;&#x43B;&#x435;&#x43D;&#x43E;&#x433;&#x43E;&#x440;&#x441;&#x43A;</subfield>
    <subfield code="e">&#x418;&#x441;&#x442;. &#x43E;&#x447;&#x435;&#x440;&#x43A;</subfield>
    <subfield code="f">&#x410;.&#x41A;. &#x41C;&#x43E;&#x43B;&#x447;&#x430;&#x43D;&#x43E;&#x432;</subfield>
  </datafield>
  <datafield tag="210" ind1=" " ind2=" ">
    <subfield code="a">&#x421;&#x41F;&#x431;.</subfield>
    <subfield code="c">&#x41A;&#x430;&#x440;&#x435;&#x43B;. &#x43F;&#x435;&#x440;&#x435;&#x448;&#x435;&#x435;&#x43A;</subfield>
    <subfield code="d">2004</subfield>
  </datafield>
  <datafield tag="215" ind1=" " ind2=" ">
    <subfield code="a">[2],18 &#x441;.</subfield>
    <subfield code="d">21</subfield>
  </datafield>
  <datafield tag="300" ind1=" " ind2=" ">
    <subfield code="a">&#x418;&#x437;&#x434;. &#x43D;&#x430; &#x441;&#x440;&#x435;&#x434;&#x441;&#x442;&#x432;&#x430; &#x430;&#x432;&#x442;.</subfield>
  </datafield>
  <datafield tag="316" ind1=" " ind2=" ">
    <subfield code="a">&#x421; &#x430;&#x432;&#x442;&#x43E;&#x433;&#x440;. &#x430;&#x432;&#x442;.</subfield>
    <subfield code="5">NLR</subfield>
  </datafield>
  <datafield tag="316" ind1=" " ind2=" ">
    <subfield code="a">&#x430;&#x432;&#x442;&#x43E;&#x433;&#x440;&#x430;&#x444;</subfield>
    <subfield code="5">NLR:2004-4/8918</subfield>
  </datafield>
  <datafield tag="607" ind1=" " ind2=" ">
    <subfield code="a">&#x417;&#x435;&#x43B;&#x435;&#x43D;&#x43E;&#x433;&#x43E;&#x440;&#x441;&#x43A;, &#x433;&#x43E;&#x440;&#x43E;&#x434; (&#x421;&#x430;&#x43D;&#x43A;&#x442;-&#x41F;&#x435;&#x442;&#x435;&#x440;&#x431;&#x443;&#x440;&#x433;, &#x433;&#x43E;&#x440;&#x43E;&#x434;)</subfield>
    <subfield code="x">&#x418;&#x441;&#x442;&#x43E;&#x440;&#x438;&#x44F;</subfield>
    <subfield code="9">2306986</subfield>
    <subfield code="3">RU\NLR\auth\661380881</subfield>
  </datafield>
  <datafield tag="686" ind1=" " ind2=" ">
    <subfield code="a">&#x422;3(2-2&#x421;&#x41F;&#x431;91)</subfield>
  </datafield>
  <datafield tag="700" ind1=" " ind2="1">
    <subfield code="a">&#x41C;&#x43E;&#x43B;&#x447;&#x430;&#x43D;&#x43E;&#x432;</subfield>
    <subfield code="b">&#x410;. &#x41A;.</subfield>
    <subfield code="g">&#x410;&#x43B;&#x435;&#x43A;&#x441;&#x430;&#x43D;&#x434;&#x440; &#x41A;&#x43E;&#x43D;&#x441;&#x442;&#x430;&#x43D;&#x442;&#x438;&#x43D;&#x43E;&#x432;&#x438;&#x447;</subfield>
    <subfield code="4">070</subfield>
  </datafield>
  <datafield tag="801" ind1=" " ind2="0">
    <subfield code="a">RU</subfield>
    <subfield code="b">NLR</subfield>
    <subfield code="c">20040430</subfield>
    <subfield code="g">PSBO</subfield>
  </datafield>
  <datafield tag="801" ind1=" " ind2="1">
    <subfield code="a">RU</subfield>
    <subfield code="b">NLR</subfield>
    <subfield code="c">20040430</subfield>
  </datafield>
  <datafield tag="830" ind1=" " ind2=" ">
    <subfield code="a">&#x410;&#x432;&#x442;. &#x43F;&#x43E; &#x43A;&#x43D;.</subfield>
  </datafield>
  <datafield tag="942" ind1=" " ind2=" ">
    <subfield code="c">BOOK</subfield>
  </datafield>
  <datafield tag="980" ind1=" " ind2=" ">
    <subfield code="a">NB</subfield>
  </datafield>
  <datafield tag="981" ind1="4" ind2="3">
    <subfield code="a">(43) &#x422;&#x435;&#x43C;&#x430;&#x442;&#x438;&#x447;&#x435;&#x441;&#x43A;&#x430;&#x44F; &#x43F;&#x43E;&#x434;&#x431;&#x43E;&#x440;&#x43A;&#x430; &#x421;&#x430;&#x43D;&#x43A;&#x442;-&#x41F;&#x435;&#x442;&#x435;&#x440;&#x431;&#x443;&#x440;&#x433;</subfield>
    <subfield code="b">(43) &#x41F;&#x440;&#x438;&#x433;&#x43E;&#x440;&#x43E;&#x434;&#x44B; &#x438; &#x433;&#x43E;&#x440;&#x43E;&#x434;&#x430; &#x432; &#x441;&#x43E;&#x441;&#x442;&#x430;&#x432;&#x435; &#x431;&#x43E;&#x43B;&#x44C;&#x448;&#x43E;&#x433;&#x43E; &#x41F;&#x435;&#x442;&#x435;&#x440;&#x431;&#x443;&#x440;&#x433;&#x430;</subfield>
  </datafield>
  <datafield tag="981" ind1="4" ind2="3">
    <subfield code="a">(43) &#x422;&#x435;&#x43C;&#x430;&#x442;&#x438;&#x447;&#x435;&#x441;&#x43A;&#x430;&#x44F; &#x43F;&#x43E;&#x434;&#x431;&#x43E;&#x440;&#x43A;&#x430; &#x421;&#x430;&#x43D;&#x43A;&#x442;-&#x41F;&#x435;&#x442;&#x435;&#x440;&#x431;&#x443;&#x440;&#x433;</subfield>
    <subfield code="b">(43) &#x418;&#x43D;&#x44B;&#x435; &#x43E;&#x43A;&#x440;&#x435;&#x441;&#x442;&#x43D;&#x43E;&#x441;&#x442;&#x438;</subfield>
  </datafield>
  <datafield tag="995" ind1=" " ind2=" ">
    <subfield code="5">2004-04-30</subfield>
    <subfield code="a">ab</subfield>
    <subfield code="b">NLR01</subfield>
    <subfield code="c">NLR01</subfield>
    <subfield code="e">RF3</subfield>
    <subfield code="f">1-569746</subfield>
    <subfield code="k">2004-4/8918</subfield>
    <subfield code="o">0</subfield>
    <subfield code="r">BOOK</subfield>
    <subfield code="s">200448918_</subfield>
  </datafield>
</record>
